000 00894nam a2200265 a 4500
001 BRCA_5974
005 20190320205301.0
008 250311s1863----gw-a######---#000-0#ger-#
041 _ager
044 _agw
050 4 _aN45
_b.N34 1966
100 1 _aNagler, G. K.
_d1801-1866
_q(Georg Kaspar)
_915081
245 1 0 _aDie Monogrammisten
_cvon G. K. Nagler ; fortgesetzt von A. Andresen und C. Clauss.
260 _aMúnich
_bG. Hirth´s Verlag
_c1863
300 _a5 v. en 9
_bil.
_c23 cm.
500 _a5 volumenes en 9 libros
500 _aG96
501 _aContenido: v.1. Libro 1-2 A-CF. -- v.2. Libro 3-4 CF-GI. -- v.3. Libro 5-6 GK-IML. -- v.4. Libro 7-8 IML-SH. -- v.5. Libro 9 SJ-Z
650 1 4 _aMonogramas
_915082
650 1 4 _aMarcas de artistas
_915083
700 1 _aAndresen, Andreas
_d1828-1871
_97215
700 1 _aClauss, C.
_qCarl
_915084
902 _aGFM
942 _2lcc
_cB
999 _c5663
_d5663